5. Playa del ingles - Quevedo - Estadísticas

Estadísticas generales
  • Esta prueba ha sido intentada 52 veces
  • La puntuación promedio es 384 de 501
Estadísticas de respuestas
% Correcto
a
100%
A
100%
la
100%
no
100%
No
100%
100%
se
100%
acuerdo
97%
cada
97%
de
97%
Del
97%
del
97%
en
97%
Inglés
97%
Playa
97%
Que
97%
que
97%
qué
97%
ser
97%
vez
97%
y
97%
Y
97%
yo
97%
Yo
97%
ma'
93%
me
93%
Me
93%
mi
93%
Mi
93%
93%
perreíto
93%
93%
Si
93%
si
93%
te
93%
Te
93%
93%
tu
93%
93%
o
90%
quiero
90%
veo
90%
aquella
86%
el
86%
ex
86%
Pero
86%
gente
83%
le
83%
Le
83%
noche
83%
pa'
83%
Plaza
83%
Tampoco
83%
un
83%
primera
79%
ti
79%
última
79%
cómo
76%
Como
76%
familia
76%
más
76%
quisiera
76%
sex
76%
va
76%
ambiente
72%
gusta
72%
otro
72%
por
72%
ven
72%
baby
69%
dale
69%
fuiste
69%
gustan
69%
Hoy
69%
pa'l
69%
única
69%
Entre
66%
entre
66%
Está
66%
haber
66%
isleños
66%
serás
66%
soy
66%
turista
66%
venga
66%
Voy
66%
cálido
62%
Canaria
62%
clima
62%
frunzas
62%
fueras
62%
Gran
62%
Insta
62%
ceño
59%
con
59%
lista
59%
niégate
59%
para
59%
party
59%
presente
59%
ya
59%
al
55%
copa
55%
Empezamos
55%
entres
55%
hasta
55%
las
55%
Mundial
55%
nada
55%
Puerto
55%
voz
55%
cambia
52%
nos
52%
Rico
52%
son
52%
Antes
48%
excita
48%
ganaron
48%
Quiere
48%
anónimo
45%
bellaqueando
45%
busquemos
45%
cambiar
45%
combo
45%
cuántas
45%
diferente
45%
dijo
45%
Dime
45%
Ella
45%
equipo
45%
examinó
45%
gustemos
45%
olvidarte
45%
pálidos
45%
salimos
45%
siempre
45%
you
45%
alzando
41%
eso
41%
jamás
41%
Llegamos
41%
mente
41%
Myke
41%
nadie
41%
oído
41%
París
41%
piensa
41%
quedan
41%
Quevedo
41%
su
41%
Towers
41%
ánimo
38%
Aunque
38%
chill
38%
hablo
38%
irte
38%
New
38%
saque
38%
una
38%
vibra
38%
York
38%
confías
34%
dejo
34%
dirías
34%
dueño
34%
fumamos
34%
isla
34%
janguear
34%
mal
34%
mudes
34%
pido
34%
propongo
34%
Solo
34%
viaje?
34%
volvemos
34%
Young
34%
Cáele
31%
consigo
31%
Elige
31%
estamos
31%
fluyó
31%
Sentirás
31%
sobra
31%
todo
31%
weed
31%
what
31%
dejes
28%
después
28%
dudes
28%
habrán
28%
hueco
28%
Kingz
28%
tienes
28%
tell
24%
tengo
24%
'lacone'
21%
llamo
21%
venenos
21%
boy
17%
MT
17%
need
17%
¿Quieres
17%
rieguen
17%
Cualquier
14%
pregunta
14%
hagas
10%
No se encontraron pruebas coincidentes
Distribución de puntuación
Porcentaje de gente con cada puntuación
Porcentaje por número respondido
Historial de tus puntuaciones
No has intentado esta prueba.